[Event "World ol U16"]
[Site "Nakhchivan"]
[Date "2022.10.04"]
[Round "3.3"]
[White "Hernandez Izquierdo, Jose A"]
[Black "Orujov, Farid"]
[Result "1/2-1/2"]
[WhiteElo "2140"]
[BlackElo "2352"]
[PlyCount "91"]
[EventDate "2022.10.02"]
[EventType "team-swiss"]
[EventRounds "9"]
[EventCountry "AZE"]
[SourceTitle "CBM 210 Extra"]
[Source "ChessBase"]
[SourceDate "2022.11.30"]
[SourceVersion "1"]
[SourceVersionDate "2022.11.30"]
[SourceQuality "1"]
[WhiteTeam "Cuba"]
[BlackTeam "Azerbaijan"]
[WhiteTeamCountry "CUB"]
[BlackTeamCountry "AZE"]

1. e4 e5 2. Nf3 Nf6 3. Nxe5 d6 4. Nf3 Nxe4 5. Nc3 Nxc3 6. dxc3 Be7 7. Bf4 0-0 8. Qd2 Nd7 9. 0-0-0 Nc5 10. Re1 Re8 11. Kb1 Bf6 12. Bb5 Bd7 13. Bxd7 Qxd7 14. Qd5 Qg4 15. Bg5 c6 16. Qxd6 Ne4 17. Qf4 Qxg2 18. Rhg1 Bxg5 19. Qxe4 Qxg1 20. Nxg1 Rxe4 21. Rxe4 Rd8 22. Rd4 c5 23. Rxd8+ Bxd8 24. Kc1 Bc7 25. h3 f5 26. a4 g5 27. f3 Kf7 28. Kd2 Kg6 29. Ke1 Kh5 30. Kf1 Kh4 31. Kg2 g4 32. fxg4 fxg4 33. b4 gxh3+ 34. Nxh3 c4 35. Nf2 Be5 36. Nd1 Kg5 37. b5 Kf4 38. Nb2 Bxc3 39. Nxc4 Bb4 40. c3 Bxc3 41. Nd6 Ke5 42. Nxb7 Kd5 43. a5 Bxa5 44. Nxa5 Kc5 45. Nc6 Kxb5 46. Nxa7+ 1/2-1/2

[Event "Pan American-ch School U13"]
[Site "Medellin"]
[Date "2019.11.14"]
[Round "5"]
[White "Hernandez Izquierdo, Jose A"]
[Black "Guarin Fonseca, Nobel Alfredo"]
[Result "1-0"]
[WhiteElo "1943"]
[BlackElo "1701"]
[PlyCount "137"]
[EventDate "2019.11.12"]
[EventType "swiss"]
[EventRounds "9"]
[EventCountry "COL"]
[SourceTitle "CBM 193 Extra"]
[Source "ChessBase"]
[SourceDate "2020.01.31"]
[SourceVersion "1"]
[SourceVersionDate "2020.01.31"]
[SourceQuality "1"]

1. e4 e6 2. d4 d5 3. Nc3 Nf6 4. Bg5 Be7 5. e5 Nfd7 6. Bxe7 Qxe7 7. f4 a6 8. Nf3 c5 9. Bd3 Nc6 10. 0-0 cxd4 11. Ne2 Nb4 12. a3 Nxd3 13. Qxd3 b5 14. Kh1 Bb7 15. Nexd4 Nc5 16. Qe3 g6 17. Rae1 Rc8 18. c3 Ne4 19. Nd2 Nxd2 20. Qxd2 Qc5 21. Qf2 h5 22. Qh4 Qe7 23. Qxe7+ Kxe7 24. h3 Rh7 25. Re3 Bc6 26. b4 Bd7 27. Nb3 Rc7 28. Nc5 Ra7 29. Nb3 Rh8 30. Kg1 Raa8 31. g3 Ra7 32. Kg2 Raa8 33. Rd1 Ra7 34. Rd2 Raa8 35. Rdd3 Ra7 36. g4 Raa8 37. Rf3 hxg4 38. hxg4 Rh4 39. Rg3 Rah8 40. Kf2 Rh1 41. Nc5 Bc8 42. a4 Ra1 43. axb5 Ra2+ 44. Ke3 axb5 45. Kd4 Ra3 46. g5 Rh2 47. Rgf3 Re2 48. Rh3 Ra7 49. Rh8 Rc7 50. Rf3 Rd2+ 51. Ke3 Rc2 52. Kd3 Rb2 53. Rfh3 Rf2 54. Ke3 Rc2 55. Kd4 Rd2+ 56. Ke3 Rc2 57. Kd3 Rf2 58. Ke3 Rc2 59. Kd4 Rf2 60. R3h4 Rf3 61. Rg8 Rc6 62. Rhh8 Bd7 63. Rh4 Rc7 64. Rb8 Be8 65. Rh8 Bd7 66. Rbd8 Rxf4+ 67. Ke3 Rc4 68. Kd3 R7xc5 69. bxc5 1-0

[Event "Pan American-ch School U13"]
[Site "Medellin"]
[Date "2019.11.14"]
[Round "4"]
[White "Reyes Zavaleta, Fabian Ricardo"]
[Black "Hernandez Izquierdo, Jose A"]
[Result "1/2-1/2"]
[WhiteElo "1710"]
[BlackElo "1943"]
[PlyCount "76"]
[EventDate "2019.11.12"]
[EventType "swiss"]
[EventRounds "9"]
[EventCountry "COL"]
[SourceTitle "CBM 193 Extra"]
[Source "ChessBase"]
[SourceDate "2020.01.31"]
[SourceVersion "1"]
[SourceVersionDate "2020.01.31"]
[SourceQuality "1"]

1. d4 g6 2. c4 f5 3. Nf3 Bg7 4. g3 Nf6 5. Bg2 0-0 6. 0-0 d6 7. Nc3 c6 8. Re1 Kh8 9. Bf4 Be6 10. b3 Na6 11. Rc1 Nc7 12. Qd2 Qe8 13. Ng5 Bg8 14. e4 Nh5 15. Be3 e6 16. Bf3 Nf6 17. exf5 gxf5 18. Bf4 Qd7 19. Nh3 Rfe8 20. Bh6 e5 21. dxe5 dxe5 22. Qxd7 Nxd7 23. Bxg7+ Kxg7 24. Rcd1 Nf6 25. Rd6 e4 26. Bg2 Ne6 27. Red1 Rad8 28. Rxd8 Rxd8 29. Rxd8 Nxd8 30. Nf4 Ne6 31. Nxe6+ Bxe6 32. Kf1 Ng4 33. h3 Ne5 34. Ke2 Kf6 35. f3 exf3+ 36. Bxf3 Nxf3 37. Kxf3 Ke5 38. Ke3 Bf7 1/2-1/2

[Event "Capablanca Memorial U15 2nd"]
[Site "Havana"]
[Date "2018.05.18"]
[Round "6"]
[White "Hernandez Izquierdo, Jose A"]
[Black "Otero Marino, Alain"]
[Result "1-0"]
[WhiteElo "1814"]
[BlackElo "2025"]
[PlyCount "187"]
[EventDate "2018.05.14"]
[EventType "swiss"]
[EventRounds "7"]
[EventCountry "CUB"]
[SourceTitle "EXT 2021"]
[Source "ChessBase"]
[SourceDate "2020.10.23"]
[SourceVersion "1"]
[SourceVersionDate "2020.10.23"]
[SourceQuality "1"]

1. e4 e5 2. Nf3 Nc6 3. Bb5 Nf6 4. d3 Bc5 5. 0-0 d6 6. c3 0-0 7. h3 Bb6 8. Nbd2 Ne7 9. Re1 Ng6 10. Nf1 c6 11. Ba4 h6 12. Bc2 Nh5 13. d4 Qf6 14. Nxe5 dxe5 15. Qxh5 exd4 16. e5 Qe7 17. c4 Qb4 18. Bd2 Qxc4 19. Bb3 Qd3 20. Ng3 Qxd2 21. Qxg6 Qg5 22. Qxg5 hxg5 23. Ne4 g4 24. Nd6 Be6 25. Bxe6 fxe6 26. hxg4 d3 27. Rf1 Bd4 28. Rad1 c5 29. Rxd3 b6 30. Nc4 Rad8 31. Rf3 b5 32. Rxf8+ Kxf8 33. Nd6 a6 34. b3 Bxe5 35. Ne4 Bd4 36. Rd1 Kf7 37. Kf1 e5 38. Ke2 Rh8 39. Rc1 Rc8 40. Kd3 a5 41. f3 a4 42. bxa4 c4+ 43. Kc2 b4 44. Rb1 Rb8 45. Nd2 c3 46. Ne4 Ke6 47. a3 b3+ 48. Rxb3 Rh8 49. Nxc3 Rh2 50. Ne2 Rxg2 51. Kd3 Bc5 52. Rb2 Kd6 53. Ke4 Bxa3 54. Rd2+ Ke7 55. Kxe5 Bd6+ 56. Ke4 Rh2 57. Rb2 Rh8 58. Rb7+ Kf6 59. Rb6 Ke7 60. Nd4 Re8 61. Nf5+ Kf8+ 62. Kd4 Bh2 63. Rb1 g6 64. Nh4 Kg7 65. Ng2 Re2 66. Ne3 Ra2 67. Rb4 Bg1 68. Ke4 Re2 69. Rb3 Ra2 70. Nd5 Rxa4+ 71. Ke5 Bd4+ 72. Kf4 Bf2+ 73. Rb4 Ra5 74. Rb7+ Kf8 75. Ke4 Ra6 76. Nc7 Ra4+ 77. Ke5 Bg3+ 78. Kf6 Bxc7 79. Rxc7 Rf4+ 80. Kxg6 Rxf3 81. g5 Rd3 82. Rc8+ Ke7 83. Kg7 Ra3 84. Rc1 Ra7 85. Re1+ Kd6+ 86. Kh6 Ra2 87. g6 Rh2+ 88. Kg7 Rg2 89. Kf7 Rf2+ 90. Kg8 Rg2 91. g7 Rf2 92. Re4 Kd5 93. Rh4 Ke6 94. Kh8 1-0